• 首页
  • 本馆介绍
  • 公告通知
  • 最新文献
  • 馆藏检索
  • 电子资源
  • 读者导购
  • 参考咨询
  • 我的图书馆
  • 登录
  • 详细信息显示
  • 放入我的书架
  • 预约/预借图书
  • 作者相关作品
  • 分类相关作品
  • 丛书相关作品
  • 出版社相关作品

书目信息

  • 表格格式
  • 工作单格式
  • 卡片格式
题名:
世界名水
    
 
作者: 李军 , 李晓萍 编著
分册:  
出版信息: 长春   长春出版社  2000
页数: 330页
开本: 20cm
丛书名: 走遍世界
单 册:
中图分类: K918.4
科图分类:
主题词: 河流--简介--世界 , 河流
电子资源:
ISBN: 7-80604-325-X
000 00713oam2 2200265 450
001 1261611145
005 20121012170749.73
010    @a7-80604-325-X@dCNY12.80
100    @a20000525d2000 em y0chiy0110 ea
101 0  @achi
102    @aCN@b220000
105    @ay z 000yy
200 1  @a世界名水@Ashi jie ming shui@f李军,李晓萍编著
205    @a2版
210    @a长春@c长春出版社@d2000
215    @a330页@d20cm
225 2  @a走遍世界@dTravel around the world@zeng
461  0 @12001 @a走遍世界
606 0  @a河流@x简介@y世界
606 0  @a河流
690    @aK918.4@v4
701  0 @a李军@Ali jun@4编著
701  0 @a李晓萍@Ali xiao ping@4编著
801  0 @aCN@bNLC@c20101222
905    @a10447@dK918.4@eJY11
    
    世界名水/李军,李晓萍编著.-2版.-长春:长春出版社,2000
    330页;20cm.-(走遍世界=Travel around the world)
    
    
    ISBN 7-80604-325-X:CNY12.80
    
●
相关链接 在E读中查询图书 在五车中查询图书 在当当中查询图书 在豆瓣中查询图书


正题名:世界名水     索取号:K918.4/JY11         预约/预借

序号 登录号 条形码 馆藏地/架位号 状态 备注
1 7825803   278258038   学院路分馆/ [索取号:K918.4/JY11] 在馆    
2 7825804   278258047   学院路分馆/ [索取号:K918.4/JY11] 在馆    
3 7825805   278258056   学院路分馆/ [索取号:K918.4/JY11] 在馆    
4 7825806   278258065   学院路分馆/ [索取号:K918.4/JY11] 在馆    
唐山师范学院图书馆 欢迎您!
大连网信软件有限公司© 版权所有